| 000 | 00371nam a22001457a 4500 | ||
|---|---|---|---|
| 008 | 211020b ||||| |||| 00| 0 eng d | ||
| 020 | _a9780781744492 | ||
| 041 | _aeng | ||
| 080 |
_26th _a610.73 |
||
| 082 | _a610.73 | ||
| 100 | _a2 | ||
| 101 | _aINF | ||
| 245 |
_aCommunity Health Nursing Promoting and Protecting the Public's Heath _cAllender,J.A |
||
| 942 |
_2udc _cBK |
||
| 999 |
_c58308 _d58308 |
||